000 00285nam a2200121Ia 4500
005 20251222151313.0
008 251222s9999||||xx |||||||||||||| ||spa||
082 _a861/A39
100 _aAleixandre, Vicente
245 0 _aEn un Vasto Dominio
264 _bDiario Público
942 _cLIB
999 _c23422
_d23422